UM Logo

A treasury of stories/ (Record no. 6646)

MARC details
000 -LEADER
fixed length control field 00629nam a22001817a 4500
008 - FIXED-LENGTH DATA ELEMENTS--GENERAL INFORMATION
fixed length control field 170424b xxu||||| |||| 00| 0 eng d
020 ## - INTERNATIONAL STANDARD BOOK NUMBER
International Standard Book Number 9712703487
082 ## - DEWEY DECIMAL CLASSIFICATION NUMBER
Edition number 1995
Classification number DFil 899.210301
Item number M31
100 ## - MAIN ENTRY--PERSONAL NAME
9 (RLIN) 20125
Personal name Manuel, E. Arsenio
245 ## - TITLE STATEMENT
Title A treasury of stories/
Statement of responsibility, etc. E. Arsenio Manuel and Gilda C. Fernando.
260 ## - PUBLICATION, DISTRIBUTION, ETC. (IMPRINT)
Place of publication, distribution, etc. Pasig City:
Name of publisher, distributor, etc. Anvil Publishing, Inc.,
Date of publication, distribution, etc. c1995.
300 ## - PHYSICAL DESCRIPTION
Extent 239 pages:
Other physical details illustrations;
Dimensions 28 cm.
500 ## - GENERAL NOTE
General note Includes bibliographical references.
650 #0 - SUBJECT ADDED ENTRY--TOPICAL TERM
9 (RLIN) 20128
Topical term or geographic name as entry element Short stories.
700 ## - ADDED ENTRY--PERSONAL NAME
9 (RLIN) 20131
Personal name Fernando, Gilda C.
700 ## - ADDED ENTRY--PERSONAL NAME
9 (RLIN) 20134
Personal name Valino, Carlos, Jr.
Relator term Illustrator
942 ## - ADDED ENTRY ELEMENTS (KOHA)
Source of classification or shelving scheme Dewey Decimal Classification
Koha item type Filipiniana
Holdings
Withdrawn status Lost status Source of classification or shelving scheme Damaged status Not for loan Collection code Home library Current library Date acquired Source of acquisition Total Checkouts Full call number Barcode Date last seen Price effective from Koha item type
    Dewey Decimal Classification     Filipiniana UM Digos College - LIC UM Digos College - LIC 10/06/2003 Purchased   DFil 899.210301 M31 1995 16083 05/15/2025 04/24/2017 Filipiniana